Le plus grande ville commençant par G dans ce pays - Statistiques

Statistiques générales
  • Ce quiz a été pris 213 fois
  • Le résultat moyen est 10 sur 18
Statistiques - réponses
Pays G-ville % Correct
Suisse Geneve
92%
Guatemala Guatemala
88%
France Grenoble
82%
Italie Gênes
80%
Royaume-Uni Glasgow
74%
Belgique Gent
73%
Pologne Gdansk
71%
Suède Göteborg
68%
Botswana Gaborone
65%
Mexique Guadalajara
62%
Autriche Graz
56%
Egypte Gizeh
50%
Irelande Galway
38%
Equateur Guayaquil
38%
Cuba Guantanamo
31%
Hongrie Győr
19%
Canada Gatineau
13%
Armenie Gyumri
6%
Aucun quiz correspondant
Distribution des résultats
% des personnes avec chaque résultat
Percentile par nombre de réponses
Votre historique - résultats
Vous n’avez pas pris ce quiz